| 000 | 00000nas##2200000za#4500 |
| 001 | 9.503272 |
| 003 | CaOODSP |
| 005 | 20200325092821 |
| 007 | cr ||||||||||| |
| 008 | 150406c1995||||xxc|| p o||||f| |0fre|d |
| 022 | |a1707-6161 |
| 040 | |aCaOODSP|bfre |
| 043 | |an-cn--- |
| 086 | 1 |aEn104-1F-PDF |
| 110 | 1 |aCanada. |bAgence canadienne d'évaluation environnementale. |
| 245 | 10|aAgence canadienne d'évaluation environnementale - rapport annuel |h[ressource électronique] |
| 260 | |aHull - Québec : |bAgence canadienne d'évaluation environnementale |c[1995-1996]. |
| 310 | |aAnnuel |
| 362 | 1 |a1er (19 janv./31 mars 1995)-1995/96 |
| 775 | 08|tCanadian Environmental Assessment Agency - annual report |w(CaOODSP)9.506876 |